Phong trào hợp tác xã tiêu thụ tại Việt Nam [ Việt Nam Cộng Hòa ]

Bewaard in:
Bibliografische gegevens
Hoofdauteur: Trần Viết Trinh
Formaat: Boek
Taal:Undetermined
Gepubliceerd in: Sài Gòn Học viện Quốc Gia Hành Chánh 1970
Onderwerpen:
Tags: Voeg label toe
Geen labels, Wees de eerste die dit record labelt!
Thư viện lưu trữ: Trung tâm Học liệu Trường Đại học Cần Thơ
LEADER 00615nam a2200181Ia 4500
001 CTU_26417
008 210402s9999 xx 000 0 und d
082 |a 334 
082 |b Tr312 
100 |a Trần Viết Trinh 
245 0 |a Phong trào hợp tác xã tiêu thụ tại Việt Nam [ Việt Nam Cộng Hòa ] 
245 0 |c Trần Viết Trinh 
260 |a Sài Gòn 
260 |b Học viện Quốc Gia Hành Chánh 
260 |c 1970 
650 |a cooperative societies 
904 |i Nguyễn Quang Điền, 981013 
980 |a Trung tâm Học liệu Trường Đại học Cần Thơ